000 01235cam a22003857a 4500
003 CHAP
005 20220817043444.0
008 980622d1996 it a r 00110 eng d
010 _a75788
011 _a76760
020 _a9251039216
035 _a86349
040 _cCHAP
082 0 4 _a639.2
_bF3 v.365
110 2 _aFAO
245 1 0 _aStatus of interactions of Pacific tuna fisheries in 1995
_c/by Richard S. Shomura, Jacek Majkowski and Robert F. Harman
260 _aRome :
_bFAO,
_c1996.
300 _a612 p. :
_bilus. ; gráfs. ; mapas
410 2 1 _aFAO
490 0 _aDocumento técnico de pesca
_v; 365
590 _aBATCH-UPD
_b10
_c20130110
_lUCH01
_h0554
590 _aBATCH-UPD
_b10
_c20130110
_lUCH01
_h2249
590 _aBATCH-UPD
_b10
_c20130410
_lUCH01
_h0236
590 _aBATCH-UPD
_b10
_c20130914
_lUCH01
_h0427
590 _aCONVERSION
_b10
_c20130109
_lUCH01
_h1341
650 1 4 _aAtún.
_98265
700 0 2 _aHarman, Robert F.
_952754
700 0 2 _aShomura, Richard S.
_9105733
810 0 _aFAO
830 0 0 _aDocumento técnico de pesca
_v; 365
_933242
901 _aBK
905 _aLilia Sánchez G.
942 _cLIBRO
949 _a639.2 F3 v.365
_bBC
_cFAO
_d33724000694295
_eFAO1
_h93478
_i86349
_kDonaciØn
_sb
999 _c75788
_d75788